000 00761nam a2200205 a 4500
008 110907s2005 ||||||||||||||||| || u
020 _a0721638643
050 _aRM 101 Con
100 _aBope, Edward T
245 1 0 _aConn's current therapy 2005
_cedited by Robert E. Rakel and Edward T. Bope
260 _aPhiladelphia, PA:
_bElsevier/Saunders
_c2005
300 _axxxvii, 1486p.: ill.
350 _a0.00
650 _aTHERAPEUTICS
650 _aMEDICINE--PRACTICE
650 _aTHERAPEUTICS, SURGICAL
650 _aMEDICINE
700 _aRakel, Robert E
995 _aMICHAEL CHILUFYA SATA OPEN ACCESS
_D0.00
_e900533
_FCBU-SCHOOL OF MEDICINE LIBRARY (Ndola)
_H1
_I0.00
_jRM 101 CON
_M1
_UAVAILABLE
_WOct 17, 2011
_y900533
_ZMedical Library Open Access Collection
999 _c31143
_d31143